000 00975nam a2200253Ia 4500
003 OSt
005 20220923211820.0
006 a|||||r|||| 00| 0
007 ta
008 220922b |||||||| |||| 00| 0 hin d
024 _a58,544
037 _cTextual
040 _aARTS
_cARTS
_bhin
041 _2hin
_ahin
082 _aQ127:24, 15L9.1-.2
100 _aगोविन्द प्रसाद; शास्त्र, उमेशानन्द, संपा.
_9161542
245 0 _aबृहदारण्यकोपनिषत्
246 _aBṛuhadāraṇyakopaniṣhat
260 _aऋषिकेश
_b कैलास महासमिति
_c1979
650 _a धर्मशास्त्र
650 _aहिन्दू धर्म
942 _hQ127:24, 15L9.1-.2
_cTEXL
_2CC
999 _c303905
_d303905